000 00222nam a22000857a 4500
008 160718b xxu||||| |||| 00| 0 eng d
100 _93003
_a Gupta, R.G
245 _aLab Manual Mathematics - 7
260 _aNew Delhi
_bArya
_c2004
999 _c2566
_d2566